Loading...
| Fine Arts - Classical Music | 0 | 6 | 1 | 2 | 55 | 112 | 123.00 | 0 | 1 |
| Literature - American Literature | 0 | 5 | 0 | 0 | 50 | 131 | 140.00 | 0 | 0 |
| Literature - World Literature | 0 | 4 | 0 | 1 | 40 | 116 | 131.00 | 0 | 0 |
| Literature - British Literature | 0 | 3 | 0 | 0 | 30 | 69 | 113.33 | 0 | 0 |
| Philosophy | 0 | 3 | 0 | 0 | 30 | 97 | 109.00 | 0 | 0 |
| Geography | 0 | 2 | 0 | 0 | 20 | 69 | 84.00 | 2 | 2 |
| Fine Arts - Other Fine Arts | 0 | 2 | 0 | 0 | 20 | 104 | 111.00 | 0 | 0 |
| Science - Other Science | 0 | 2 | 0 | 1 | 20 | 108 | 113.50 | 0 | 0 |
| Science - Physics | 0 | 2 | 0 | 0 | 20 | 92 | 105.00 | 0 | 1 |
| Religion | 0 | 2 | 1 | 1 | 15 | 133 | 135.50 | 0 | 0 |
| History - American History | 0 | 1 | 0 | 0 | 10 | 126 | 126.00 | 0 | 0 |
| Social Science | 0 | 1 | 0 | 0 | 10 | 128 | 128.00 | 0 | 0 |
| Science - Biology | 0 | 1 | 0 | 0 | 10 | 98 | 98.00 | 0 | 0 |
| Fine Arts - Painting and Sculpture | 0 | 1 | 0 | 0 | 10 | 104 | 104.00 | 0 | 0 |
| History - World History | 0 | 1 | 0 | 0 | 10 | 79 | 79.00 | 1 | 1 |
| Mythology | 0 | 1 | 1 | 0 | 5 | 122 | 122.00 | 0 | 0 |
| Science - Chemistry | 0 | 0 | 0 | 0 | 0 | 0.00 | 0 | 0 | |
| Literature - European Literature | 0 | 0 | 0 | 0 | 0 | 0.00 | 0 | 0 | |
| Pop Culture | 0 | 0 | 1 | 0 | -5 | 0.00 | 0 | 0 |